| 000 | 00508nam a2200181 a 4500 | ||
|---|---|---|---|
| 001 | 2825 | ||
| 005 | 20180713182802.0 | ||
| 008 | 140415s1980 000 0 spa d | ||
| 041 | _aspa | ||
| 082 |
_a155.284 _bBEL |
||
| 100 | 1 | _aBELL, JOHN E. | |
| 245 | 1 | 0 |
_aTECNICAS PROYECTIVAS : _bEXPLORACION DE LA DINAMICA DE LA PERSONALIDAD |
| 250 | _a1a ed. | ||
| 260 |
_a[s.l.] : _bED. PAIDOS, _c1980 |
||
| 300 | _a298 | ||
| 650 | 1 | 4 | _aTECNICAS PROYECTIVAS |
| 700 | 1 |
_aMACI, GUILLERMO ALBERTO _etr. |
|
| 999 |
_c2825 _d2825 |
||